[Event "Osijek-Baranja CupT 11th"]
[Site "Nasice"]
[Date "2018.02.18"]
[Round "4.3"]
[White "Vitkovic, Andrija"]
[Black "Brkic, Valent"]
[Result "0-1"]
[WhiteElo "1894"]
[BlackElo "1941"]
[PlyCount "82"]
[EventDate "2018.02.16"]
[EventType "team-swiss"]
[EventRounds "5"]
[EventCountry "CRO"]
[SourceTitle "EXT 2023"]
[Source "ChessBase"]
[SourceDate "2022.10.05"]
[SourceVersion "1"]
[SourceVersionDate "2022.10.05"]
[SourceQuality "1"]
[WhiteTeam "Djurdjenovac SK"]
[BlackTeam "Osijek Mladost"]
[WhiteTeamCountry "CRO"]
[BlackTeamCountry "CRO"]

1. e4 c6 2. d4 d5 3. e5 Bf5 4. Be3 e6 5. Bd3 Ne7 6. Nf3 Qb6 7. b3 Bxd3 8. Qxd3 Nf5 9. 0-0 Be7 10. Nbd2 0-0 11. c4 dxc4 12. bxc4 Rd8 13. Rab1 Qc7 14. Qc2 c5 15. Nb3 cxd4 16. Nbxd4 Nxd4 17. Nxd4 Nc6 18. Nf3 b6 19. Qa4 Na5 20. Bg5 h6 21. Bxe7 Qxe7 22. Rfd1 Rac8 23. Rxd8+ Qxd8 24. Rc1 Nxc4 25. Qc2 b5 26. h3 Nb6 27. Qb1 Rxc1+ 28. Qxc1 Nc4 29. Qb1 Qd5 30. Qe1 a5 31. Kh2 a4 32. h4 a3 33. Qc3 Qc5 34. Kg3 b4 35. Qc1 Qb5 36. Kh3 Nxe5 37. Nd2 Qd3+ 38. f3 Ng6 39. Kg3 Qd6+ 40. Kf2 Qd4+ 41. Ke2 Nf4+ 0-1

[Event "Osijek op"]
[Site "Osijek"]
[Date "2015.03.08"]
[Round "7"]
[White "Pesic, Josip"]
[Black "Brkic, Valent"]
[Result "0-1"]
[WhiteElo "1718"]
[BlackElo "1921"]
[PlyCount "70"]
[EventDate "2015.03.05"]
[EventType "swiss"]
[EventRounds "7"]
[EventCountry "CRO"]
[SourceTitle "CBM 165 Extra"]
[Source "ChessBase"]
[SourceDate "2015.04.21"]
[SourceVersion "1"]
[SourceVersionDate "2015.04.21"]
[SourceQuality "1"]

1. e4 b6 2. d4 Bb7 3. Nc3 e6 4. a3 c5 5. d5 Nf6 6. Bg5 h6 7. Bh4 g5 8. Bg3 exd5 9. e5 Qe7 10. Qe2 Ne4 11. Nb5 Na6 12. f3 Nxg3 13. hxg3 Qe6 14. Nd6+ Bxd6 15. exd6 0-0-0 16. 0-0-0 Qxd6 17. g4 Rde8 18. Qb5 Qc6 19. Qb3 c4 20. Qc3 Qe6 21. Ne2 Qe3+ 22. Kb1 Qxc3 23. Nxc3 Nc7 24. b3 Re3 25. Kb2 b5 26. Ne2 a5 27. Nd4 c3+ 28. Kc1 Bc6 29. Nf5 Re6 30. Bd3 b4 31. a4 Kb7 32. Rde1 Rf6 33. Re5 Ne6 34. g3 Kc7 35. Kd1 d6 0-1

[Event "Osijek-ch op"]
[Site "Osijek"]
[Date "2014.02.21"]
[Round "3"]
[White "Brkic, Valent"]
[Black "Petrovic, David"]
[Result "1-0"]
[WhiteElo "1856"]
[BlackElo "1767"]
[PlyCount "70"]
[EventDate "2014.02.20"]
[EventType "swiss"]
[EventRounds "7"]
[EventCountry "CRO"]
[SourceTitle "CBM 159 Extra"]
[Source "ChessBase"]
[SourceDate "2014.04.24"]
[SourceVersion "1"]
[SourceVersionDate "2014.04.24"]
[SourceQuality "1"]

1. c4 e5 2. g3 Nf6 3. Bg2 d5 4. cxd5 Nxd5 5. Nc3 c6 6. Qb3 Nxc3 7. dxc3 Bc5 8. Nf3 Qc7 9. 0-0 Be6 10. Qc2 f6 11. b4 Bb6 12. Nh4 0-0 13. Nf5 g6 14. Nh4 Kg7 15. c4 Qf7 16. c5 Bc7 17. f4 exf4 18. gxf4 f5 19. Bb2+ Kg8 20. Qc3 Qe7 21. Qh8+ Kf7 22. Qxh7+ Ke8 23. Qxe7+ Kxe7 24. Nxg6+ Kf7 25. Nxf8 Kxf8 26. e4 Nd7 27. e5 Kf7 28. Rad1 Rg8 29. Rd2 Nf8 30. Kf2 Ng6 31. Ke3 Rh8 32. Bh1 a6 33. Rg1 Bd8 34. Rd6 Be7 35. Rxe6 Kxe6 1-0